[Event "Oberliga Ost-B 1819"]
[Site "Germany"]
[Date "2019.04.06"]
[Round "10.6"]
[White "Sieber, Stephan"]
[Black "Meyer, Kai Christian"]
[Result "0-1"]
[WhiteElo "2207"]
[BlackElo "2213"]
[PlyCount "96"]
[EventDate "2018.10.21"]
[EventType "team-tourn"]
[EventRounds "11"]
[EventCountry "GER"]
[SourceTitle "EXT 2020"]
[Source "ChessBase"]
[SourceDate "2019.10.17"]
[SourceVersion "1"]
[SourceVersionDate "2019.10.17"]
[SourceQuality "1"]
[WhiteTeam "Erfurt Empor"]
[BlackTeam "Schoeneck"]
[WhiteTeamCountry "GER"]
[BlackTeamCountry "GER"]

1. e4 e5 2. Nf3 Nc6 3. Bb5 a6 4. Ba4 Nf6 5. Qe2 b5 6. Bb3 Be7 7. c3 d5 8. exd5 Nxd5 9. Nxe5 Nxe5 10. Qxe5 Nf6 11. 0-0 0-0 12. d4 Bd6 13. Qg5 Re8 14. h3 h6 15. Qh4 Re4 16. f4 Bb7 17. Bd1 Re8 18. Nd2 c5 19. Bf3 Qb6 20. dxc5 Bxc5+ 21. Kh2 Rad8 22. Bxb7 Qxb7 23. Qg3 Re3 24. Nf3 Re2 25. Ng1 Rd3 26. Nxe2 Rxg3 27. Nxg3 h5 28. Rf3 h4 29. Nf1 Qe4 30. Be3 Bd6 31. Rd1 Bc7 32. Kh1 Qc2 33. Rd2 Qb1 34. Kh2 Qxa2 35. g3 Ne4 36. Rg2 Qd5 37. gxh4 Qd1 38. Rfg3 Qxf1 39. Rxg7+ Kf8 40. Rg8+ Ke7 41. R8g4 Nf6 42. Rf2 Nxg4+ 43. hxg4 Qd3 44. Bc5+ Ke6 45. h5 Qd1 46. Kg3 f5 47. Rf3 fxg4 48. Kxg4 Kd5 0-1

[Event "Oberliga Ost-B 1415"]
[Site "Germany"]
[Date "2014.11.09"]
[Round "4.5"]
[White "Klundt, Klaus"]
[Black "Sieber, Stephan"]
[Result "1/2-1/2"]
[WhiteElo "2313"]
[BlackElo "2193"]
[PlyCount "88"]
[EventDate "2014.09.21"]
[EventType "team-tourn"]
[EventRounds "11"]
[EventCountry "GER"]
[SourceTitle "EXT 2016"]
[Source "ChessBase"]
[SourceDate "2015.10.08"]
[SourceVersion "1"]
[SourceVersionDate "2015.10.08"]
[SourceQuality "1"]
[WhiteTeam "Heusenstamm"]
[BlackTeam "Erfurt Empor"]
[WhiteTeamCountry "GER"]
[BlackTeamCountry "GER"]

1. e4 c5 2. Nf3 d6 3. d4 cxd4 4. Nxd4 Nf6 5. Nc3 a6 6. f4 e6 7. Qf3 Qc7 8. Bd3 b5 9. 0-0 Bb7 10. Kh1 Nc6 11. Nxc6 Qxc6 12. a3 0-0-0 13. Bd2 d5 14. exd5 exd5 15. a4 b4 16. Na2 a5 17. Nc1 Ne4 18. Nb3 Nxd2 19. Nxd2 Kb8 20. Nb3 Qb6 21. Rae1 Bd6 22. Bb5 h5 23. c3 Rc8 24. Qe3 Qxe3 25. Rxe3 bxc3 26. bxc3 Rc7 27. Nxa5 Ba8 28. Rb1 Ka7 29. Nb3 Rhc8 30. Nd4 Bxf4 31. Rf3 Be5 32. Bf1 Bxd4 33. cxd4 f6 34. Kg1 Rc1 35. Rxc1 Rxc1 36. Kf2 Bc6 37. Re3 Kb6 38. Re7 Rd1 39. Rxg7 Rxd4 40. Be2 Rxa4 41. Bxh5 Ra2+ 42. Kg3 d4 43. Bf3 Bxf3 44. Kxf3 Kc5 1/2-1/2

[Event "Oberliga Ost-B 1314"]
[Site "Germany"]
[Date "2014.02.23"]
[Round "8.7"]
[White "Sieber, Stephan"]
[Black "Trumpp, Lothar"]
[Result "1/2-1/2"]
[WhiteElo "2192"]
[BlackElo "2066"]
[PlyCount "93"]
[EventDate "2013.10.13"]
[EventType "team-tourn"]
[EventRounds "11"]
[EventCountry "GER"]
[SourceTitle "EXT 2015"]
[Source "ChessBase"]
[SourceDate "2014.11.20"]
[SourceVersion "1"]
[SourceVersionDate "2014.11.20"]
[SourceQuality "1"]
[WhiteTeam "Erfurt Empor"]
[BlackTeam "Offenbach"]
[WhiteTeamCountry "GER"]
[BlackTeamCountry "GER"]

1. e4 d6 2. d4 Nf6 3. Nc3 Nbd7 4. Nf3 e5 5. Bc4 exd4 6. Nxd4 Ne5 7. Bb3 Be7 8. a4 0-0 9. 0-0 c6 10. f4 Ned7 11. Qf3 Nc5 12. Ba2 a5 13. h3 Re8 14. Nb3 Nxb3 15. Bxb3 Be6 16. Bxe6 fxe6 17. Be3 Rf8 18. Rad1 Nd7 19. Qg4 Rf6 20. Bd4 e5 21. fxe5 Rxf1+ 22. Rxf1 dxe5 23. Qe6+ Kh8 24. Be3 Qe8 25. Qc4 Qg6 26. Rd1 Nf8 27. Bc5 Bg5 28. Qb3 b5 29. axb5 cxb5 30. Qxb5 Bf4 31. Qb7 Re8 32. Ne2 Ne6 33. Qc6 Nxc5 34. Qxc5 Qxe4 35. Nxf4 exf4 36. Qf2 Qe5 37. Rd4 Rf8 38. c4 a4 39. Rd5 Qe4 40. Rd4 Qe5 41. c5 Qxc5 42. Rxa4 Qxf2+ 43. Kxf2 Rb8 44. Kf3 g5 45. b4 h6 46. Kg4 Kg7 47. h4 1/2-1/2

[Event "Oberliga Ost-B 1213"]
[Site "Germany"]
[Date "2012.09.30"]
[Round "1.4"]
[White "Duncker, Joachim"]
[Black "Sieber, Stephan"]
[Result "1-0"]
[WhiteElo "2263"]
[BlackElo "2246"]
[PlyCount "139"]
[EventDate "2012.09.30"]
[EventType "team-tourn"]
[EventRounds "11"]
[EventCountry "GER"]
[SourceTitle "EXT 2014"]
[Source "ChessBase"]
[SourceDate "2013.11.20"]
[SourceVersion "1"]
[SourceVersionDate "2013.11.20"]
[SourceQuality "1"]
[WhiteTeam "Marburg"]
[BlackTeam "Erfurt Empor"]
[WhiteTeamCountry "GER"]
[BlackTeamCountry "GER"]

1. e4 c5 2. Nc3 e6 3. f4 Nc6 4. Bb5 Nge7 5. Nf3 a6 6. Bxc6 Nxc6 7. 0-0 b5 8. d3 Be7 9. Kh1 0-0 10. Qe1 d5 11. Bd2 Bb7 12. Ne2 dxe4 13. dxe4 Nb4 14. Bxb4 cxb4 15. Ng3 Qc7 16. Nd4 Rac8 17. Rd1 Rfd8 18. f5 e5 19. f6 Bxf6 20. Rxf6 Rxd4 21. Rxd4 exd4 22. Rf2 Qc4 23. Qd1 Rd8 24. b3 Qe6 25. Qf3 f6 26. h3 Re8 27. Re2 Qe5 28. Qd3 h5 29. Nf1 Bxe4 30. Qg3 Qd5 31. Nd2 f5 32. Qg6 Re6 33. Qxh5 Qc6 34. Qg5 Qd6 35. Qh4 Qe7 36. Qxe7 Rxe7 37. Nf3 Rd7 38. Ng5 Re7 39. Nf3 Rd7 40. Ng5 Rc7 41. Nxe4 fxe4 42. Rxe4 Rxc2 43. Rxd4 Rxa2 44. Rxb4 Rb2 45. h4 g6 46. Rg4 Kh7 47. Rg3 b4 48. Kh2 Kh6 49. Kg1 a5 50. Kh2 Rf2 51. Rd3 Kh5 52. Kh3 Ra2 53. g4+ Kh6 54. Rd7 g5 55. Rd6+ Kg7 56. h5 Ra3 57. Rg6+ Kh7 58. Rxg5 Rxb3+ 59. Kh4 a4 60. Ra5 a3 61. Kg5 Rc3 62. Ra7+ Kg8 63. Ra8+ Kh7 64. Ra7+ Kg8 65. h6 Rc5+ 66. Kg6 Rc8 67. h7+ Kh8 68. g5 Rc6+ 69. Kh5 Rc1 70. Kh6 1-0

[Event "Oberliga Ost-B 1112"]
[Site "Germany"]
[Date "2012.03.18"]
[Round "9.4"]
[White "Sieber, Stephan"]
[Black "Kirschbaum, Gunnar"]
[Result "1/2-1/2"]
[WhiteElo "2231"]
[BlackElo "2212"]
[PlyCount "29"]
[EventDate "2011.10.02"]
[EventType "team-tourn"]
[EventRounds "11"]
[EventCountry "GER"]
[SourceTitle "EXT 2013"]
[Source "ChessBase"]
[SourceDate "2012.11.22"]
[SourceVersion "1"]
[SourceVersionDate "2012.11.22"]
[SourceQuality "1"]
[WhiteTeam "Erfurt Empor"]
[BlackTeam "Erfurt Medizin"]
[WhiteTeamCountry "GER"]
[BlackTeamCountry "GER"]

1. e4 d6 2. d4 Nf6 3. Nc3 Nbd7 4. Bg5 e5 5. dxe5 dxe5 6. Nd5 c6 7. Nxf6+ Nxf6 8. Qxd8+ Kxd8 9. Bc4 Ke8 10. Rd1 Be7 11. f3 Nd7 12. Be3 Nf8 13. Ne2 Be6 14. Bxe6 Nxe6 15. Kf2 1/2-1/2

[Event "Oberliga Ost-B 1011"]
[Site "Germany"]
[Date "2011.04.10"]
[Round "11.4"]
[White "Knickel, Aaron"]
[Black "Sieber, Stephan"]
[Result "1/2-1/2"]
[WhiteElo "2161"]
[BlackElo "2238"]
[PlyCount "32"]
[EventDate "2010.10.24"]
[EventType "team-tourn"]
[EventRounds "11"]
[EventCountry "GER"]
[SourceTitle "EXT 2012"]
[Source "ChessBase"]
[SourceDate "2011.11.24"]
[SourceVersion "1"]
[SourceVersionDate "2011.11.24"]
[SourceQuality "1"]
[WhiteTeam "Neuberg"]
[BlackTeam "Erfurt Empor"]
[WhiteTeamCountry "GER"]
[BlackTeamCountry "GER"]

1. g3 d5 2. Bg2 g6 3. d3 Bg7 4. Nd2 e6 5. e4 Ne7 6. f4 c5 7. Ngf3 Nbc6 8. 0-0 0-0 9. c3 d4 10. c4 f6 11. Bh3 e5 12. Bxc8 Qxc8 13. fxe5 Nxe5 14. Nxe5 fxe5 15. Rxf8+ Qxf8 16. Nf3 h6 1/2-1/2

[Event "Oberliga Ost-B 1011"]
[Site "Germany"]
[Date "2011.02.06"]
[Round "7.4"]
[White "Sieber, Stephan"]
[Black "Stiefel, Roland"]
[Result "1/2-1/2"]
[WhiteElo "2238"]
[BlackElo "2082"]
[PlyCount "56"]
[EventDate "2010.10.24"]
[EventType "team-tourn"]
[EventRounds "11"]
[EventCountry "GER"]
[SourceTitle "EXT 2012"]
[Source "ChessBase"]
[SourceDate "2011.11.24"]
[SourceVersion "1"]
[SourceVersionDate "2011.11.24"]
[SourceQuality "1"]
[WhiteTeam "Erfurt Empor"]
[BlackTeam "Weimar"]
[WhiteTeamCountry "GER"]
[BlackTeamCountry "GER"]

1. e4 c5 2. Nf3 a6 3. c3 e6 4. d4 d5 5. Bd3 dxe4 6. Bxe4 Nf6 7. Bc2 Nc6 8. a3 b5 9. 0-0 Bb7 10. Be3 Nd5 11. Nbd2 cxd4 12. cxd4 Be7 13. Re1 Nxe3 14. fxe3 0-0 15. Ne4 b4 16. Qd3 g6 17. h4 bxa3 18. bxa3 Na5 19. h5 Qd5 20. hxg6 hxg6 21. Ned2 Rac8 22. Ba4 Rfd8 23. Re2 Qh5 24. g4 Qxg4+ 25. Rg2 Qh5 26. Rh2 Qg4+ 27. Kf2 Qf5 28. e4 Qf4 1/2-1/2

[Event "Oberliga Ost-B 1011"]
[Site "Germany"]
[Date "2010.10.24"]
[Round "1.5"]
[White "Frei, Markus"]
[Black "Sieber, Stephan"]
[Result "0-1"]
[WhiteElo "1967"]
[BlackElo "2238"]
[PlyCount "46"]
[EventDate "2010.10.24"]
[EventType "team-tourn"]
[EventRounds "11"]
[EventCountry "GER"]
[SourceTitle "EXT 2012"]
[Source "ChessBase"]
[SourceDate "2011.11.24"]
[SourceVersion "1"]
[SourceVersionDate "2011.11.24"]
[SourceQuality "1"]
[WhiteTeam "Moerlenbach"]
[BlackTeam "Erfurt Empor"]
[WhiteTeamCountry "GER"]
[BlackTeamCountry "GER"]

1. e4 c5 2. Nf3 d6 3. d4 cxd4 4. Nxd4 Nf6 5. Nc3 a6 6. Bg5 e6 7. f4 Nbd7 8. Qf3 Qc7 9. 0-0-0 b5 10. Bd3 Bb7 11. Rhe1 Be7 12. Qg3 h6 13. Nd5 exd5 14. exd5 hxg5 15. Nf5 g4 16. Nxe7 Kf8 17. Re2 Nxd5 18. Nxd5 Bxd5 19. Bf5 Nf6 20. Bxg4 Nxg4 21. Rxd5 Nf6 22. Rd3 d5 23. Qe1 Qxf4+ 0-1

[Event "Oberliga Ost-B 0910"]
[Site "Germany"]
[Date "2009.11.14"]
[Round "2.5"]
[White "Hoehn, Michael"]
[Black "Sieber, Stephan"]
[Result "0-1"]
[WhiteElo "2159"]
[BlackElo "2242"]
[PlyCount "74"]
[EventDate "2009.10.18"]
[EventType "team-tourn"]
[EventRounds "11"]
[EventCountry "GER"]
[SourceTitle "EXT 2011"]
[Source "ChessBase"]
[SourceDate "2010.11.26"]
[SourceVersion "1"]
[SourceVersionDate "2010.11.26"]
[SourceQuality "1"]
[WhiteTeam "Offenbach"]
[BlackTeam "Erfurt Empor"]
[WhiteTeamCountry "GER"]
[BlackTeamCountry "GER"]

1. e4 c5 2. d4 cxd4 3. c3 dxc3 4. Nxc3 Nc6 5. Bc4 e6 6. Nf3 Nge7 7. Bf4 Ng6 8. Bg3 a6 9. 0-0 Be7 10. Qe2 b5 11. Bb3 0-0 12. Rfd1 Qb6 13. Rac1 Rd8 14. h4 d6 15. h5 Nge5 16. Nxe5 Nxe5 17. Kh2 Bb7 18. f4 Nd7 19. f5 exf5 20. Nd5 Bxd5 21. Bxd5 Rac8 22. Rxc8 Rxc8 23. exf5 Ne5 24. Bxe5 dxe5 25. Qxe5 Kf8 26. Bf3 Rd8 27. Rxd8+ Bxd8 28. Qd5 g6 29. hxg6 hxg6 30. fxg6 Bc7+ 31. Kh1 Qxg6 32. Qc5+ Bd6 33. Qc8+ Ke7 34. Qg4 Qh6+ 35. Qh5 Qc1+ 36. Bd1 Qf4 37. Bf3 Qg3 0-1

[Event "Oberliga Ost-B 0809"]
[Site "Germany"]
[Date "2009.02.01"]
[Round "7.3"]
[White "Tazbir, Marcin"]
[Black "Sieber, Stephan"]
[Result "1-0"]
[WhiteElo "2482"]
[BlackElo "2241"]
[PlyCount "169"]
[EventDate "2008.10.26"]
[EventType "team-tourn"]
[EventRounds "11"]
[EventCountry "GER"]
[SourceTitle "EXT 2010"]
[Source "ChessBase"]
[SourceDate "2010.11.25"]
[SourceVersion "1"]
[SourceVersionDate "2010.11.25"]
[SourceQuality "1"]
[WhiteTeam "Griesheim"]
[BlackTeam "Erfurt Empor"]
[WhiteTeamCountry "GER"]
[BlackTeamCountry "GER"]

1. e4 c5 2. Ne2 d6 3. g3 Nc6 4. Bg2 g6 5. c3 Bg7 6. d4 cxd4 7. cxd4 Qb6 8. Nbc3 e6 9. Be3 Qa5 10. 0-0 Nge7 11. a3 0-0 12. b4 Qd8 13. Qd2 d5 14. exd5 Nxd5 15. Nxd5 exd5 16. Nf4 Ne7 17. Rac1 Be6 18. Nxe6 fxe6 19. Bh3 Qd7 20. Rfe1 Nf5 21. Bxf5 exf5 22. Bf4 Rac8 23. Rxc8 Rxc8 24. Be5 Bf8 25. Rc1 Rc6 26. Rxc6 Qxc6 27. Qg5 Qd7 28. Kg2 Be7 29. Qc1 g5 30. h4 Qc6 31. Qb1 Qd7 32. hxg5 Bxg5 33. Qd1 Qf7 34. b5 h5 35. Qc2 Qd7 36. Qc5 Kf7 37. Qxa7 h4 38. Qa5 hxg3 39. fxg3 Bf6 40. Bxf6 Kxf6 41. a4 Qe8 42. Qd2 Kg6 43. Kf2 Qh8 44. Kg2 Qe8 45. Qd3 Kf6 46. a5 Qe1 47. a6 bxa6 48. bxa6 Qa1 49. Qe3 Qa2+ 50. Kf3 Qa1 51. Qe5+ Kg6 52. Qe8+ Kg5 53. Qg8+ Kf6 54. Qf8+ Kg6 55. Qg8+ Kf6 56. Qh8+ Kg6 57. Qe8+ Kf6 58. Qd8+ Kg6 59. Qb6+ Kg5 60. a7 Qf1+ 61. Ke3 Qe1+ 62. Kd3 Qd1+ 63. Kc3 Qc1+ 64. Kb4 Qc4+ 65. Ka3 Qc3+ 66. Qb3 Qa5+ 67. Qa4 Qc3+ 68. Ka2 Qd2+ 69. Kb3 Qd3+ 70. Kb4 Qc4+ 71. Ka5 Qc7+ 72. Ka6 Qc8+ 73. Kb6 Qd8+ 74. Kc5 Qc7+ 75. Kxd5 Qb7+ 76. Ke6 Qb6+ 77. Kd7 Qb7+ 78. Kd8 Qb6+ 79. Kc8 Qe6+ 80. Qd7 Qa6+ 81. Kd8 Qb6+ 82. Ke8 Qg6+ 83. Kf8 Qf6+ 84. Kg8 Qa6 85. Qd8+ 1-0

[Event "Oberliga Ost-B 0809"]
[Site "Germany"]
[Date "2008.10.26"]
[Round "1.3"]
[White "Sieber, Stephan"]
[Black "Wehner, Janis"]
[Result "1-0"]
[WhiteElo "2241"]
[BlackElo "2204"]
[PlyCount "73"]
[EventDate "2008.10.26"]
[EventType "team-tourn"]
[EventRounds "11"]
[EventCountry "GER"]
[SourceTitle "EXT 2010"]
[Source "ChessBase"]
[SourceDate "2010.11.25"]
[SourceVersion "1"]
[SourceVersionDate "2010.11.25"]
[SourceQuality "1"]
[WhiteTeam "Erfurt Empor"]
[BlackTeam "Erfurt Medizin"]
[WhiteTeamCountry "GER"]
[BlackTeamCountry "GER"]

1. e4 c5 2. Nf3 Nc6 3. d4 cxd4 4. Nxd4 Nf6 5. Nc3 e5 6. Ndb5 d6 7. Bg5 a6 8. Na3 b5 9. Nd5 Be7 10. Bxf6 Bxf6 11. c3 Bg5 12. Nc2 0-0 13. a4 bxa4 14. Rxa4 a5 15. Bc4 g6 16. b4 Bb7 17. b5 Ne7 18. h4 Nxd5 19. Bxd5 Bxd5 20. Qxd5 Bh6 21. h5 Kg7 22. Rh3 Rc8 23. c4 Rc5 24. Qd3 f5 25. hxg6 hxg6 26. exf5 Rxf5 27. Ne3 Rf4 28. Rg3 Qf6 29. Rxa5 e4 30. Ra7+ Kg8 31. Ra8+ Kg7 32. Qa3 Rxf2 33. Qa7+ Qf7 34. Qa1+ Qf6 35. Ra7+ Kf8 36. Qxf6+ Rxf6 37. b6 1-0